000 00313nas a2200145 a 4500
001 73167
003 147443
005 20201118111113.0
008 ||||||n9999 ||| || ||
245 0 _aNueva Frontera - No.399
260 _c1982.
562 _e0
773 _016068
_aNueva Frontera
942 _cSISS
999 _c73167
_d73167